00475nam a22001577a 450000500170000001000150001702000260003203500130005803700130007108200060008410000200009024500650011026000490017527000680022430000250029220130913112735.0 aENG-107794 a9789382536062c190.00 aEN-91327 bDBAD/PUB aS aGupta, Sayantan aThe unclaimed luggage and other stories /cby Sayantan Gupta aNew DelhibLiFi Publications Pvt. Ltd.c2013 a211, 2nd Floor, Gagandeep 12, Rajendra PlacebNew Delhie110008 ax,194 p. c18cm(pbk)